| 000 | 00670nam a2200217 4500 | ||
|---|---|---|---|
| 001 | 16466 | ||
| 005 | 20230410105123.0 | ||
| 008 | 060907n1999 dr spa | ||
| 020 | _a8474762871 | ||
| 035 | _9funglode16600 | ||
| 041 | _aES | ||
| 050 | 1 | 4 | _aCIS H 19 C397 N. 26 |
| 100 | _aMoral, Félix | ||
| 245 | 1 | 3 |
_aLa identidad nacional de los jóvenes y el estado de las autonomías / _cFélix Moral, Araceli Mateos |
| 260 |
_aMadrid : _bCentro de Investigaciones Sociológicas, _c1999 |
||
| 300 | _a127 p. | ||
| 440 | _aOpiniones y Actitudes: 26 | ||
| 700 | _aMateos, Araceli | ||
| 710 | _aCentro de Investigaciones Sociológicas | ||
| 942 |
_2lcc _cbk |
||
| 999 |
_c30489 _d30489 |
||